Poeresia : 50 voci di una differenza /

Gorde:
Xehetasun bibliografikoak
Erakunde egilea: Collegamento lesbiche italiane (Argitaratzailea)
Formatua: Liburua
Hizkuntza:italiera
Argitaratua: Roma : Centro Femminista Separatista , 1987
Etiketak: Etiketa erantsi
Etiketarik gabe, Izan zaitez lehena erregistro honi etiketa jartzen!

MARC

LEADER 00000nam a22000007i 4500
001 IT\ICCU\RMS\1504982
003 ItRI
005 20260115232443.0
008 060221s1987 it |||||| ||||| |||||c
040 |b ita  |c importazione bologna sebina 
041 7 |a ita  |2 ISO-639-2 
130 0 |a Poeresia : 50 voci di una differenza  |3 IT\ICCU\RL1\0073990 
245 0 0 |a Poeresia :  |b 50 voci di una differenza /  |c CLI, Collegamento tra Lesbiche Italiane. 
260 |a Roma :  |b Centro Femminista Separatista ,  |c 1987 
300 |a 143 p. :  |b 22 cm 
710 2 |a Collegamento lesbiche italiane  |0 IT\ICCU\RMSV\642191  |4 edt 
791 2 |a CLI  |3 IT\ICCU\CFIV\351302  |z Collegamento lesbiche italiane 
791 2 |a Collegamento fra le lesbiche italiane  |3 IT\ICCU\CFIV\351305  |z Collegamento lesbiche italiane 
791 2 |a Collegamento tra lesbiche italiane  |3 IT\ICCU\CFIV\351306  |z Collegamento lesbiche italiane 
942 |2 ddc  |c BK  |n 0 
952 |0 0  |1 0  |4 0  |6 L_851_914000000000000_POE  |7 0  |9 26032  |a BO  |b BO  |d 2026-01-15  |i 1383  |l 0  |o L 851.914 POE  |p BO1383  |r 2026-01-15 23:24:43  |w 2026-01-15  |x [Sebina 7] [1 v.]  |y BK  |z 1 v. 
999 |c 22045  |d 22045